[Event "Regionalliga NO 1516"]
[Site "Bayern"]
[Date "2015.11.15"]
[Round "3.3"]
[White "Kirch, Florian"]
[Black "Stoeckl, Stephan"]
[Result "1-0"]
[WhiteElo "2112"]
[BlackElo "2061"]
[PlyCount "51"]
[EventDate "2015.10.11"]
[EventType "team-tourn"]
[EventRounds "9"]
[EventCountry "GER"]
[SourceTitle "EXT 2018"]
[Source "ChessBase"]
[SourceDate "2017.10.13"]
[SourceVersion "1"]
[SourceVersionDate "2017.10.13"]
[SourceQuality "1"]
[WhiteTeam "Erlangen SC II"]
[BlackTeam "Schwandorf"]
[WhiteTeamCountry "GER"]
[BlackTeamCountry "GER"]

1. d4 Nf6 2. c4 e6 3. Nf3 d5 4. Nc3 Be7 5. cxd5 exd5 6. Bf4 c6 7. e3 0-0 8. Bd3 Re8 9. Rb1 Bg4 10. b4 a6 11. Qc2 Nbd7 12. Ne5 Bh5 13. 0-0 Nf8 14. Na4 Ne6 15. Bg3 Bd6 16. Nc5 Qc7 17. f4 Nf8 18. h3 N6d7 19. Ncxd7 Nxd7 20. Bxh7+ Kh8 21. Bf5 Nb6 22. Bf2 Qe7 23. g4 f6 24. Ng6+ Bxg6 25. Bxg6 Red8 26. Qf5 1-0

[Event "Regionalliga NO 1415"]
[Site "Bayern"]
[Date "2014.11.23"]
[Round "3.4"]
[White "Seibold, Hubert"]
[Black "Kirch, Florian"]
[Result "0-1"]
[WhiteElo "2034"]
[BlackElo "2112"]
[PlyCount "124"]
[EventDate "2014.10.19"]
[EventType "team-tourn"]
[EventRounds "9"]
[EventCountry "GER"]
[SourceTitle "EXT 2018"]
[Source "ChessBase"]
[SourceDate "2017.10.13"]
[SourceVersion "1"]
[SourceVersionDate "2017.10.13"]
[SourceQuality "1"]
[WhiteTeam "Zirndorf"]
[BlackTeam "Erlangen SC II"]
[WhiteTeamCountry "GER"]
[BlackTeamCountry "GER"]

1. e4 b6 2. d4 Bb7 3. Bd3 e6 4. Nf3 c5 5. c3 Qc7 6. 0-0 Nf6 7. Qe2 Be7 8. e5 Nd5 9. dxc5 Bxc5 10. a3 a5 11. c4 Ne7 12. Nc3 Bxf3 13. Qxf3 Nbc6 14. Nb5 Qb8 15. Bf4 0-0 16. Rfe1 Ng6 17. Qe4 f5 18. Qf3 Ncxe5 19. Bxe5 Nxe5 20. Qg3 Ng4 21. Re2 Qxg3 22. hxg3 Rac8 23. Kf1 Rf6 24. Rb1 Rh6 25. Kg1 Rf6 26. b4 Bf8 27. f3 Nh6 28. Rd2 axb4 29. axb4 d5 30. cxd5 exd5 31. Nd4 g6 32. Bb5 Nf7 33. Bd7 Rd8 34. Bb5 Nd6 35. Nc6 Rc8 36. Nd4 Nc4 37. Ra2 Rf7 38. Ra6 Nd2 39. Rb2 Nc4 40. Rb1 Nd2 41. Rb2 Rc1+ 42. Kf2 Nc4 43. Rc2 Rxc2+ 44. Nxc2 Rc7 45. Ra8 Kf7 46. Be8+ Ke7 47. b5 Nd6 48. Bc6 Nxb5 49. Nb4 Nc3 50. Bxd5 Bh6 51. Rh8 Kd6 52. Bg8 Re7 53. Rxh7 Re2+ 54. Kf1 Be3 55. Nd3 Rd2 56. Rh4 Rd1+ 57. Ne1 Bd2 58. Rd4+ Ke7 59. Bb3 Rxe1+ 60. Kf2 Be3+ 61. Kxe1 Bxd4 62. Kd2 Be5 0-1

[Event "Mittelfranken-chTB2a 1011"]
[Site "Germany"]
[Date "2010.11.21"]
[Round "3.3"]
[White "Rossbach, Knut"]
[Black "Kirch, Florian"]
[Result "1/2-1/2"]
[WhiteElo "1943"]
[BlackElo "2020"]
[PlyCount "30"]
[EventDate "2010.09.26"]
[EventType "team-tourn"]
[EventRounds "9"]
[EventCountry "GER"]
[SourceTitle "EXT 2012"]
[Source "ChessBase"]
[SourceDate "2011.11.24"]
[SourceVersion "1"]
[SourceVersionDate "2011.11.24"]
[SourceQuality "1"]
[WhiteTeam "Zirndorf II"]
[BlackTeam "Grossenseebach"]
[WhiteTeamCountry "GER"]
[BlackTeamCountry "GER"]

1. e4 Nf6 2. Nc3 d5 3. e5 d4 4. exf6 dxc3 5. bxc3 exf6 6. Qe2+ Be7 7. Ba3 Nc6 8. Bxe7 Nxe7 9. Nf3 0-0 10. Qd1 Nd5 11. Be2 Nf4 12. 0-0 Nxe2+ 13. Qxe2 Re8 14. Qb5 c6 15. Qb4 a5 1/2-1/2

[Event "GER-chT U20"]
[Site "Chemnitz"]
[Date "2009.12.30"]
[Round "7.6"]
[White "Haidar, Marcel"]
[Black "Kirch, Florian"]
[Result "0-1"]
[WhiteElo "1828"]
[BlackElo "1989"]
[PlyCount "96"]
[EventDate "2009.12.27"]
[EventType "team-swiss"]
[EventRounds "7"]
[EventCountry "GER"]
[SourceTitle "EXT 2022"]
[Source "ChessBase"]
[SourceDate "2021.10.06"]
[SourceVersion "1"]
[SourceVersionDate "2021.10.06"]
[SourceQuality "1"]
[WhiteTeam "Brackel SF U20"]
[BlackTeam "Grossenseebach U20"]
[WhiteTeamCountry "GER"]
[BlackTeamCountry "GER"]

1. e4 Nf6 2. e5 Nd5 3. d4 d6 4. Nf3 Nc6 5. c4 Nb6 6. e6 fxe6 7. Be3 g6 8. h4 e5 9. d5 Nd4 10. Nxd4 exd4 11. Bxd4 Rg8 12. Bd3 e5 13. dxe6 Bxe6 14. Qe2 Qe7 15. Nd2 0-0-0 16. 0-0-0 Qf7 17. Bxb6 axb6 18. Ne4 h6 19. Qc2 Bg7 20. Nc3 Bxc4 21. Qa4 Bxd3 22. Rxd3 c6 23. Ne4 Qf4+ 24. Kb1 d5 25. Nc5 Qxa4 26. Nxa4 b5 27. Nc5 Rge8 28. Kc2 Re2+ 29. Rd2 Rxd2+ 30. Kxd2 Bxb2 31. f3 Re8 32. Nd3 Bd4 33. Rb1 Kc7 34. Nb4 Kd6 35. Nc2 Bc5 36. Re1 Rxe1 37. Kxe1 d4 38. Kd2 Kd5 39. Kd3 Bb6 40. Nb4+ Ke5 41. Ke2 c5 42. Nd3+ Ke6 43. g4 g5 44. hxg5 hxg5 45. f4 c4 46. f5+ Kd5 47. Nb4+ Ke4 48. Kd1 d3 0-1

[Event "GER-chT U20"]
[Site "Chemnitz"]
[Date "2009.12.27"]
[Round "1.6"]
[White "Kirch, Florian"]
[Black "Schwenke, Vincent"]
[Result "1-0"]
[WhiteElo "1989"]
[BlackElo "1814"]
[PlyCount "39"]
[EventDate "2009.12.27"]
[EventType "team-swiss"]
[EventRounds "7"]
[EventCountry "GER"]
[SourceTitle "EXT 2022"]
[Source "ChessBase"]
[SourceDate "2021.10.06"]
[SourceVersion "1"]
[SourceVersionDate "2021.10.06"]
[SourceQuality "1"]
[WhiteTeam "Grossenseebach U20"]
[BlackTeam "Magdeburg Aufbau Elbe U20"]
[WhiteTeamCountry "GER"]
[BlackTeamCountry "GER"]

1. d4 f5 2. c4 Nf6 3. g3 g6 4. Nf3 Bg7 5. Bg2 0-0 6. 0-0 d6 7. Nc3 Nc6 8. d5 Ne5 9. Nxe5 dxe5 10. e4 f4 11. gxf4 exf4 12. Bxf4 Nxe4 13. Ne2 Nd6 14. Qb3 b6 15. Be3 Rb8 16. Nd4 Bd7 17. Rad1 Qc8 18. Bg5 e6 19. dxe6 Bxe6 20. Nxe6 1-0

[Event "Nuremberg Zabo op 11th"]
[Site "Nuremberg"]
[Date "2009.09.20"]
[Round "5"]
[White "Heimrath, Reiner"]
[Black "Kirch, Florian"]
[Result "1-0"]
[WhiteElo "2202"]
[BlackElo "1963"]
[PlyCount "83"]
[EventDate "2009.09.18"]
[EventType "swiss"]
[EventRounds "5"]
[EventCountry "GER"]
[SourceTitle "EXT 2012"]
[Source "ChessBase"]
[SourceDate "2011.11.24"]
[SourceVersion "1"]
[SourceVersionDate "2011.11.24"]
[SourceQuality "1"]

1. e4 Nf6 2. d3 c5 3. c3 g6 4. g3 Bg7 5. Bg2 e5 6. Ne2 d5 7. 0-0 0-0 8. Bg5 dxe4 9. dxe4 Qb6 10. Qc1 Bg4 11. Re1 Nbd7 12. Na3 Be6 13. c4 Qc7 14. Nc3 Nb6 15. b3 a6 16. h3 Ne8 17. Rd1 f6 18. Bh6 Nd6 19. Bxg7 Kxg7 20. Nc2 Rad8 21. Ne3 Rd7 22. Ncd5 Bxd5 23. Nxd5 Nxd5 24. Rxd5 Nf7 25. Qc3 Rxd5 26. cxd5 Rc8 27. a4 Qd6 28. h4 Rc7 29. a5 Qe7 30. Qe3 Nd6 31. Bf1 Kf7 32. Rc1 Ne8 33. Rc4 Kg7 34. Qc1 Qd6 35. Bh3 Kf7 36. Qh6 Kg8 37. Be6+ Kh8 38. h5 g5 39. b4 Qe7 40. bxc5 Rxc5 41. Rxc5 Qxc5 42. Bf7 1-0

[Event "Regionalliga NO 0809"]
[Site "Bayern"]
[Date "2009.03.01"]
[Round "7.7"]
[White "Bothe, Matthias"]
[Black "Kirch, Florian"]
[Result "0-1"]
[WhiteElo "1840"]
[BlackElo "1944"]
[PlyCount "96"]
[EventDate "2008.10.05"]
[EventType "team-tourn"]
[EventRounds "9"]
[EventCountry "GER"]
[SourceTitle "EXT 2020"]
[Source "ChessBase"]
[SourceDate "2019.10.17"]
[SourceVersion "1"]
[SourceVersionDate "2019.10.17"]
[SourceQuality "1"]
[WhiteTeam "Dietfurt"]
[BlackTeam "Grossenseebach"]
[WhiteTeamCountry "GER"]
[BlackTeamCountry "GER"]

1. c4 e5 2. Nc3 d6 3. Nf3 g6 4. g3 Bg7 5. Bg2 f5 6. 0-0 Nf6 7. d4 e4 8. Ne1 0-0 9. Bg5 h6 10. Bxf6 Qxf6 11. Nd5 Qd8 12. Rc1 c6 13. Nc3 Qb6 14. Nc2 Qxb2 15. Qd2 Qb6 16. f3 exf3 17. Rxf3 Nd7 18. Rb1 Qd8 19. e4 fxe4 20. Rxf8+ Nxf8 21. Nxe4 Qe7 22. Re1 Bf5 23. Qf4 Rd8 24. d5 cxd5 25. cxd5 Qc7 26. Qf2 Nd7 27. Nd4 Qb6 28. Nxf5 gxf5 29. Qxb6 Nxb6 30. Nf2 Kf7 31. Nd3 Re8 32. Rxe8 Kxe8 33. Nf4 Ke7 34. Kf2 Nc4 35. Bh3 Bd4+ 36. Kg2 Kf6 37. Kf3 Ne5+ 38. Ke2 Ng4 39. Bxg4 fxg4 40. h3 gxh3 41. Nxh3 Ke5 42. Nf4 Ke4 43. a4 Be5 44. Nh5 Kxd5 45. Kd3 Ke6 46. g4 d5 47. Ke3 b6 48. Kd3 a6 0-1

[Event "Mittelfranken-chTB2a 0809"]
[Site "Mittelfranken"]
[Date "2009.02.08"]
[Round "6.1"]
[White "Guenther, Torsten"]
[Black "Kirch, Florian"]
[Result "1/2-1/2"]
[WhiteElo "2023"]
[BlackElo "1964"]
[PlyCount "34"]
[EventDate "2008.10.12"]
[EventType "team"]
[EventRounds "9"]
[EventCountry "GER"]
[SourceTitle "EXT 2011"]
[Source "ChessBase"]
[SourceDate "2010.11.26"]
[SourceVersion "1"]
[SourceVersionDate "2010.11.26"]
[SourceQuality "1"]
[WhiteTeam "Erlangen Siemens"]
[BlackTeam "Grossenseebach II"]
[WhiteTeamCountry "GER"]
[BlackTeamCountry "GER"]

1. c4 e5 2. g3 d6 3. Bg2 g6 4. Nc3 Bg7 5. d3 f5 6. f4 Nc6 7. Nf3 Nf6 8. 0-0 0-0 9. Rb1 Re8 10. fxe5 dxe5 11. e4 Nd4 12. Nh4 c6 13. b4 Be6 14. Kh1 Qc7 15. exf5 Nxf5 16. Ne4 Nxe4 17. Bxe4 Rf8 1/2-1/2

[Event "Bayern-chA 79th"]
[Site "Bad Neustadt/Saale"]
[Date "2008.09.01"]
[Round "3"]
[White "Kirch, Florian"]
[Black "Kaunzinger, Albert"]
[Result "0-1"]
[WhiteElo "2012"]
[BlackElo "2154"]
[PlyCount "116"]
[EventDate "2008.08.30"]
[EventType "swiss"]
[EventRounds "9"]
[EventCountry "GER"]
[SourceTitle "EXT 2015"]
[Source "ChessBase"]
[SourceDate "2014.11.20"]
[SourceVersion "1"]
[SourceVersionDate "2014.11.20"]
[SourceQuality "1"]

1. d4 d5 2. Nf3 c6 3. c4 Nf6 4. cxd5 cxd5 5. Nc3 Bf5 6. Qb3 Qb6 7. Qxb6 axb6 8. Bf4 e6 9. Nh4 Bg4 10. f3 Bh5 11. g4 Bg6 12. Nxg6 hxg6 13. a3 Nc6 14. Nb5 Kd7 15. Rc1 Ne8 16. e3 Be7 17. Kd2 Nd6 18. Rc3 Ra5 19. Nxd6 Bxd6 20. Bxd6 Kxd6 21. h3 e5 22. dxe5+ Nxe5 23. Be2 Rc5 24. b3 g5 25. a4 Nc6 26. Bf1 Re8 27. Rxc5 bxc5 28. Bg2 d4 29. Re1 Rxe3 30. Rxe3 dxe3+ 31. Kxe3 Ke5 32. Bf1 Na5 33. Bd3 f6 34. Bc2 b6 35. Bd1 Nc6 36. Bc2 Nd4 37. Bd1 Nc6 38. Be2 Na5 39. Bc4 Nb7 40. Be2 Nd6 41. Bd3 Kd5 42. Be2 g6 43. Bf1 Ke5 44. Bd3 f5 45. Ba6 Nf7 46. Bb5 Nd8 47. Be8 Ne6 48. Bxg6 f4+ 49. Kd3 Nd4 50. Kc4 Nxf3 51. Kb5 Nd4+ 52. Kxb6 Nxb3 53. Bc2 c4 54. Bd1 Kd4 55. Kb5 Nc5 56. a5 c3 57. h4 f3 58. h5 c2 0-1

[Event "Seebach op 19th"]
[Site "Grossenseebach"]
[Date "2008.05.24"]
[Round "6"]
[White "Dobosz, Henryk"]
[Black "Kirch, Florian"]
[Result "1-0"]
[WhiteElo "2439"]
[BlackElo "2052"]
[PlyCount "101"]
[EventDate "2008.05.25"]
[EventType "swiss"]
[EventRounds "7"]
[EventCountry "GER"]
[SourceTitle "EXT 2018"]
[Source "ChessBase"]
[SourceDate "2017.10.13"]
[SourceVersion "1"]
[SourceVersionDate "2017.10.13"]
[SourceQuality "1"]

1. c4 g6 2. d4 Bg7 3. Nc3 d6 4. e4 e5 5. dxe5 dxe5 6. Qxd8+ Kxd8 7. f4 Nd7 8. Nf3 c6 9. Be3 f6 10. g3 Kc7 11. Be2 Nh6 12. h3 Nf7 13. 0-0 Bh6 14. Kf2 Re8 15. f5 gxf5 16. exf5 Bxe3+ 17. Kxe3 Nb6 18. Nd2 Nd6 19. c5 Nxf5+ 20. Rxf5 Bxf5 21. cxb6+ axb6 22. g4 Bg6 23. Rf1 Rf8 24. Bd3 Rad8 25. Bf5 Bxf5 26. Rxf5 Rd7 27. Nde4 Rdf7 28. Ne2 Kd7 29. N2g3 Ke7 30. a3 Kd7 31. Rf2 Ke6 32. Rf5 Kd7 33. Rh5 Ke7 34. Nf5+ Ke6 35. Rh6 Kd5 36. Kd3 b5 37. g5 Ke6 38. Nfg3 Rd8+ 39. Ke3 Ke7 40. Nxf6 Rh8 41. h4 Kd8 42. Nge4 Ke7 43. Ke2 b6 44. Ke3 Rd8 45. Nxh7 Rd1 46. Nhf6 Rb1 47. Rh8 Rg7 48. Re8+ Kf7 49. Rxe5 Rxb2 50. Nd6+ Kg6 51. h5# 1-0

[Event "Seebach op 19th"]
[Site "Grossenseebach"]
[Date "2008.05.24"]
[Round "5"]
[White "Kirch, Florian"]
[Black "Stitterich, Nadine"]
[Result "1-0"]
[WhiteElo "2052"]
[BlackElo "1842"]
[PlyCount "83"]
[EventDate "2008.05.25"]
[EventType "swiss"]
[EventRounds "7"]
[EventCountry "GER"]
[SourceTitle "EXT 2018"]
[Source "ChessBase"]
[SourceDate "2017.10.13"]
[SourceVersion "1"]
[SourceVersionDate "2017.10.13"]
[SourceQuality "1"]

1. d4 Nf6 2. c4 g6 3. Nc3 Bg7 4. Nf3 0-0 5. e4 d6 6. Be2 e5 7. Be3 Nc6 8. d5 Ne7 9. Nd2 Nd7 10. f3 f5 11. 0-0 f4 12. Bf2 g5 13. b4 Rf6 14. c5 h5 15. Nc4 Bf8 16. cxd6 cxd6 17. Nb5 Nb6 18. Nxa7 Nxc4 19. Bxc4 Bd7 20. Bb5 g4 21. Qa4 Bxb5 22. Qxb5 Rg6 23. Qd3 g3 24. hxg3 fxg3 25. Be3 Nc8 26. Nxc8 Rxc8 27. Rfc1 Rxc1+ 28. Rxc1 Qh4 29. Rc7 Bh6 30. Rxb7 Bxe3+ 31. Qxe3 Qh2+ 32. Kf1 h4 33. Qb6 Qh1+ 34. Qg1 Qh2 35. Rc7 Rf6 36. b5 Rxf3+ 37. gxf3 Qd2 38. Rc8+ Kg7 39. Qa7+ Kh6 40. Rh8+ Kg5 41. Qg7+ Kf4 42. Qh6+ 1-0

[Event "Seebach op 19th"]
[Site "Grossenseebach"]
[Date "2008.05.22"]
[Round "2"]
[White "Ebeling, Jens"]
[Black "Kirch, Florian"]
[Result "0-1"]
[WhiteElo "2065"]
[BlackElo "2052"]
[PlyCount "66"]
[EventDate "2008.05.25"]
[EventType "swiss"]
[EventRounds "7"]
[EventCountry "GER"]
[SourceTitle "EXT 2018"]
[Source "ChessBase"]
[SourceDate "2017.10.13"]
[SourceVersion "1"]
[SourceVersionDate "2017.10.13"]
[SourceQuality "1"]

1. e4 Nf6 2. e5 Nd5 3. d4 d6 4. Bc4 e6 5. Nf3 Nc6 6. 0-0 Be7 7. Qe2 Nb6 8. Bb3 Bd7 9. c3 Na5 10. Bc2 c5 11. dxc5 dxc5 12. Rd1 Qc7 13. Bg5 Bxg5 14. Nxg5 Nac4 15. f4 Nxb2 16. Nd2 Nxd1 17. Rxd1 Nd5 18. Qh5 g6 19. Qf3 f5 20. Nc4 h6 21. Nd6+ Kf8 22. Rxd5 hxg5 23. Rd1 g4 24. Qxb7 Qc6 25. Bb3 Ke7 26. Bc4 Rhb8 27. Qa6 Qxa6 28. Bxa6 Rb6 29. Bf1 Rab8 30. Nc4 Rb1 31. Rd6 Bb5 32. Nd2 Bxf1 33. Nxf1 Ra1 0-1

[Event "GER-chT U16"]
[Site "Uelzen"]
[Date "2007.12.29"]
[Round "5.3"]
[White "Pogan, Nikolas"]
[Black "Kirch, Florian"]
[Result "0-1"]
[WhiteElo "1992"]
[BlackElo "1976"]
[PlyCount "118"]
[EventDate "2007.12.27"]
[EventType "team-swiss"]
[EventRounds "7"]
[EventCountry "GER"]
[SourceTitle "EXT 2022"]
[Source "ChessBase"]
[SourceDate "2021.10.06"]
[SourceVersion "1"]
[SourceVersionDate "2021.10.06"]
[SourceQuality "1"]
[WhiteTeam "Heilbronn U16"]
[BlackTeam "Grossenseebach U16"]
[WhiteTeamCountry "GER"]
[BlackTeamCountry "GER"]

1. e4 Nf6 2. e5 Nd5 3. d4 d6 4. Nf3 Nc6 5. c4 Nb6 6. e6 fxe6 7. Ng5 e5 8. d5 Nd4 9. f4 e6 10. Nc3 exd5 11. cxd5 Qe7 12. Nge4 g6 13. Bd3 Bg7 14. 0-0 0-0 15. Ng5 Bh6 16. h4 Nf5 17. h5 exf4 18. Ne6 Bxe6 19. dxe6 Ne3 20. Bxe3 fxe3 21. Qg4 g5 22. Qe4 Rf4 23. Qxe3 Re8 24. Bf5 a6 25. g3 Rxf1+ 26. Rxf1 Nc4 27. Qe2 Ne5 28. Ne4 Bg7 29. b3 d5 30. Nf2 Qc5 31. Kg2 d4 32. Kh3 Qd6 33. Ne4 Qe7 34. g4 Rd8 35. Qd2 d3 36. Nxg5 Bh6 37. Bxh7+ Qxh7 38. Nxh7 Bxd2 39. Nf6+ Kf8 40. Nd7+ Ke7 41. Nxe5 Kxe6 42. Nc4 Bc3 43. Ne3 Bd4 44. Ng2 d2 45. Rd1 Bc3 46. Kg3 Ke5 47. Nf4 Ke4 48. Ne6 Rd3+ 49. Kf2 Rf3+ 50. Ke2 Re3+ 51. Kf2 Re1 52. Ng5+ Kd3 53. Rxd2+ Bxd2 54. Nf3 Re2+ 55. Kg3 Ke4 56. Ng1 Bf4+ 57. Kh4 Rh2+ 58. Nh3 Kf3 59. g5 Bg3# 0-1

[Event "Bayern-B U16"]
[Site "Oberhaching"]
[Date "2006.08.11"]
[Round "9"]
[White "Kirch, Florian"]
[Black "Linsenmeyer, Mario"]
[Result "1-0"]
[WhiteElo "1888"]
[BlackElo "2003"]
[PlyCount "77"]
[EventDate "2006.08.06"]
[EventType "tourn"]
[EventRounds "9"]
[EventCountry "GER"]
[SourceTitle "EXT 2007"]
[Source "ChessBase"]
[SourceDate "2006.11.23"]
[SourceVersion "1"]
[SourceVersionDate "2006.11.23"]
[SourceQuality "1"]

1. d4 Nf6 2. c4 e6 3. Nc3 Bb4 4. Qc2 c5 5. dxc5 0-0 6. Nf3 Na6 7. a3 Bxc3+ 8. Qxc3 Nxc5 9. Bf4 Nfe4 10. Qc2 a5 11. g3 d6 12. Bg2 e5 13. Be3 Qe7 14. 0-0 a4 15. Rad1 Rd8 16. Nh4 Nf6 17. Nf5 Qc7 18. Bg5 Be6 19. Ne3 Nb3 20. Nd5 Bxd5 21. Bxd5 Nd4 22. Qd2 Qe7 23. Bg2 Rac8 24. Qd3 h6 25. Be3 Nc6 26. Bb6 Rd7 27. Bh3 Rcd8 28. Qc2 h5 29. Bxd8 Rxd8 30. Qxa4 Nd4 31. Kh1 Ne4 32. Bg2 Nc5 33. Qb4 Qf6 34. Qd2 h4 35. b4 Nce6 36. Bxb7 h3 37. b5 Ng5 38. Qe3 Nf5 39. Qd3 1-0